Générique Le Village de Dany - Paroles - Statistiques

Statistiques générales
  • Ce quiz a été pris 9 fois
  • Le résultat moyen est 14 sur 20
Statistiques - réponses
Paroles % Correct
C'est encore une belle journée qui s'{annonce}
100%
C'est encore une belle journée qui s'{annonce}
89%
J'ai tellement d'amis à te {présenter}
89%
Veux-tu être notre {ami} ?
89%
Veux-tu venir avec {nous} ?
89%
Veux-tu venir avec {nous} ?
89%
Au village de Dany le {tigre}
78%
Au village de Dany le {tigre}
78%
Avec {nous}
78%
Avec {nous}
78%
On s'amuse comme des {fous}
78%
Peux-tu être mon {ami} ?
78%
Pourrais-tu {être} ?
67%
Une belle journée pour les {amis}
67%
Voudrais-tu {être} ?
67%
Dans chaque rue un nouvel {ami}
56%
On chante, on rit, on {joue}
56%
Une belle journée pour les {amis}
56%
Est là pour te {saluer}
33%
Dans ce village de {fantaisie}
22%
Aucun quiz correspondant
Distribution des résultats
% des personnes avec chaque résultat
Percentile par nombre de réponses
Votre historique - résultats
Vous n’avez pas pris ce quiz